| 000 | 00914nas a2200217 i 4500 | ||
|---|---|---|---|
| 001 | 768714001 | ||
| 003 | CO-MdFUSB | ||
| 005 | 20240813113102.0 | ||
| 008 | 240813t1922 cr ||||| |||| 00| 0 eng d | ||
| 040 |
_bspa _cCO-MdFUSB _dCO-MdFUSB |
||
| 041 | _aeng | ||
| 245 | _aNew helpers for the campaign | ||
| 520 | _aLa búsqueda del evangelista latinoamericano adecuado había terminado, el señor Strachan había partido solo hacia Colombia, hasta que el Reverendo Robert Elphick Valenzuela se sumó como uno de los nuevos ayudantes de esa campaña de evangelización. | ||
| 546 | _aTexto en inglés. | ||
| 650 | 0 |
_aEvangelización _9362 |
|
| 650 | 0 |
_aMisiones _9154 |
|
| 650 | 7 |
_aMisioneros _9931 |
|
| 773 | 0 |
_070761 _982937 _oR2741 _tLatin America Mission _w(CO-MdFUSB)768714001 _gVolumen 2, (número 2, 1922), páginas: 3 - 4 _qpágina: 3 |
|
| 942 | _cANA | ||
| 945 | _aCatherine Arias Álvarez - Practicante SENA | ||
| 999 |
_c70787 _d70787 |
||